LEADER 01836nam 22004333 450 001 9910163342703321 005 20250707084504.0 010 $a1-62517-106-4 035 $a(CKB)3710000001046459 035 $a(BIP)045461085 035 $a(VLeBooks)9781625171061 035 $a(MiAaPQ)EBC32194387 035 $a(Au-PeEL)EBL32194387 035 $a(OCoLC)1051083586 035 $a(EXLCZ)993710000001046459 100 $a20250707d2013 uy 0 101 0 $aeng 135 $aurcnu|||||||| 181 $ctxt$2rdacontent 182 $cc$2rdamedia 183 $acr$2rdacarrier 200 10$aNight Blade 205 $a1st ed. 210 1$aCHARLESTOWN :$cShiloh Walker, Inc.,$d2013. 210 4$dİ2013. 215 $a1 online resource (250 p.) 225 1 $aColbana Files Series 330 8 $aKit Colbana is always biting off more than she can chew. She has a knack for finding trouble. This time, though, trouble finds her. Someone from her past drops a case into her lap that she just can't refuse...literally.People on the Council are dying left and right and she's been requested to investigate the deaths. The number one suspect? Her lover, Damon. If she doesn't clear his name, he gets a death sentence. Even if she succeeds? They still might try to execute him. Oh, and she's not allowed to tell him about the case, either.The stakes are high this time around, higher than they've ever been. Kit may be forced to pay the ultimate price to save her lover's life...a price that could destroy her and everything she loves. 410 0$aColbana Files Series 610 $aCriminals 610 $aFiction 700 $aDaniels$b J. C$01348186 801 0$bMiAaPQ 801 1$bMiAaPQ 801 2$bMiAaPQ 906 $aBOOK 912 $a9910163342703321 996 $aNight Blade$94403386 997 $aUNINA LEADER 04229oas 2201489 a 450 001 9910138970003321 005 20260127110032.0 011 $a1468-3156 035 $a(DE-599)ZDB2071898-6 035 $a(OCoLC)45461882 035 $a(CONSER) 00242393 035 $a(CKB)959328102022 035 $a(DE-599)2019919-3 035 $a(EXLCZ)99959328102022 100 $a20001201a19949999 sy 101 0 $aeng 135 $aurmnu|||||||| 181 $ctxt$2rdacontent 182 $cc$2rdamedia 183 $acr$2rdacarrier 200 00$aBritish journal of learning disabilities 210 $a[Oxford, England] $cBlackwell Science 215 $a1 online resource 300 $aRefereed/Peer-reviewed 311 08$a1354-4187 531 0 $aBr. j. learn. disabil. 606 $aLearning disabilities$vPeriodicals 606 $aLearning disabled$vPeriodicals 606 $aLearning disabled children$vPeriodicals 606 $aLearning disabled youth$vPeriodicals 606 $aLearning Disabilities 606 $aIntellectual Disability 606 $aTroubles de l'apprentissage$vPe?riodiques 606 $aPersonnes en difficulte? d'apprentissage$vPe?riodiques 606 $aEnfants en difficulte? d'apprentissage$vPe?riodiques 606 $aJeunes en difficulte? d'apprentissage$vPe?riodiques 606 $aDe?ficience intellectuelle 606 $aTroubles de l'apprentissage 606 $aintellectual disability$2aat 606 $aLearning Disabilities$2ebps$3(uri) http://www.ncbi.nlm.nih.gov/mesh/?term=D007859 606 $aLearning disabilities$2fast$3(OCoLC)fst00994891 606 $aLearning disabled$2fast$3(OCoLC)fst00994912 606 $aLearning disabled children$2fast$3(OCoLC)fst00994938 606 $aLearning disabled youth$2fast$3(OCoLC)fst00994989 606 $aTrouble d'apprentissage$2rasuqam 608 $aPeriodical. 608 $aPeriodicals.$2fast 608 $aPeriodicals.$2lcgft 608 $aPe?riodique e?lectronique (Descripteur de forme)$2rasuqam 608 $aRessource Internet (Descripteur de forme)$2rasuqam 615 0$aLearning disabilities 615 0$aLearning disabled 615 0$aLearning disabled children 615 0$aLearning disabled youth 615 2$aLearning Disabilities. 615 2$aIntellectual Disability. 615 6$aTroubles de l'apprentissage 615 6$aPersonnes en difficulte? d'apprentissage 615 6$aEnfants en difficulte? d'apprentissage 615 6$aJeunes en difficulte? d'apprentissage 615 6$aDe?ficience intellectuelle. 615 6$aTroubles de l'apprentissage. 615 7$aintellectual disability. 615 7$aLearning Disabilities. 615 7$aLearning disabilities. 615 7$aLearning disabled. 615 7$aLearning disabled children. 615 7$aLearning disabled youth. 615 17$aTrouble d'apprentissage. 676 $a362.3 712 02$aBritish Institute of Learning Disabilities, 801 0$bMYG 801 1$bMYG 801 2$bWAU 801 2$bOCLCQ 801 2$bWAU 801 2$bF#A 801 2$bOCLCQ 801 2$bUQ1 801 2$bOCLCQ 801 2$bOCLCO 801 2$bOCLCF 801 2$bSCB 801 2$bOCLCO 801 2$bVT2 801 2$bNLGGC 801 2$bOCLCQ 801 2$bOCLCO 801 2$bOCLCQ 801 2$bOCLCO 801 2$bWT2 801 2$bOCLCQ 801 2$bOCLCO 801 2$bOCLCQ 801 2$bNLE 801 2$bOCLCA 801 2$bBUF 801 2$bU3W 801 2$bEZC 801 2$bOCLCQ 801 2$bTOF 801 2$bWYU 801 2$bUKMGB 801 2$bOCLCQ 801 2$bOCLCO 801 2$bNJT 801 2$bSFB 801 2$bOCLCO 801 2$bOCLCA 801 2$bOCLCQ 801 2$bOCLCA 801 2$bLDP 801 2$bCNMTR 801 2$bSRU 801 2$bUBY 801 2$bOCLCQ 801 2$bCUS 801 2$bOCLCL 801 2$bCSU 801 2$bLIP 801 2$bXFH 801 2$bAU@ 801 2$bOCLCQ 906 $aJOURNAL 912 $a9910138970003321 996 $aBritish journal of learning disabilities$91917122 997 $aUNINA